00654nam a2200181Ia 4500008004100000020001500041041001200056082001600068100001700084245008400101260004500185300000800230650002100238700002400259942000700283999001500290952016700305221030s9999 xx 000 0 und d a0195118774 aEnglish a105.23bSch aR. Schaumann 0aDesign of Analog Filters ( DEPARTMENTAL )cby R. Schaumann, M. E. V. Valkenburg bOxford University PressaNew Delhic2003 a737 aECE Departmental aM. E. V. Valkenburg cBK c2147d2147 pBE 7307g325.00l0o105.23 Schr2022-10-30 00:00:00w2022-10-30yBK003Print4071aMIETLIBbMIETLIBcBL-Departmental, FL-1, CUP-76, SH-6, R-6d2005-11-0910HBE